| Tag |
First Indicator |
Second Indicator |
Subfields |
| LEADER |
00000cam a2200000 a 4500 |
| 001 |
in00000001590 |
| 007 |
he bmb024bbca |
| 008 |
981118s1998 dcu bb f000 0 eng c |
| 005 |
20230309222535.0 |
| 035 |
|
|
|a (OCoLC)ocm40342854
|
| 035 |
|
|
|9 AJC2823AM
|
| 035 |
|
|
|a in00000001590
|
| 037 |
|
|
|a 160092
|b GAO (202) 512-6000 (Voice); (202) 512-6061 (Fax)
|f paper copy
|
| 040 |
|
|
|a GPO
|c GPO
|d DLC
|d MvI
|d UtOrBLW
|
| 042 |
|
|
|a pcc
|
| 043 |
|
|
|a n-us---
|
| 049 |
|
|
|a UMIC
|
| 049 |
|
|
|a WWW
|
| 074 |
|
|
|a 0546-D-01 (MF)
|
| 074 |
|
|
|a 0546-D-01 (online)
|
| 086 |
0 |
|
|a GA 1.5/2:T-GGD-98-75
|
| 100 |
1 |
|
|a Stevens, L. Nye.
|
| 245 |
1 |
0 |
|a Regulatory Flexibility Act :
|b implementation of the small business advocacy review panel requirements : statement of L. Nye Stevens, Director, Federal Management and Workforce Issues, General Government Division, before the Subcommittees on Government Programs and Oversight, and Regulatory Reform and Paperwork Reduction, Committee on Small Business, House of Representatives /
|c United States General Accounting Office.
|
| 246 |
3 |
0 |
|a Implementation of the small business advocacy review panel requirements
|
| 264 |
|
1 |
|a Washington, D.C. :
|b The Office,
|c [1998]
|
| 300 |
|
|
|a 8 pages ;
|c 28 cm.
|
| 336 |
|
|
|a text
|b txt
|2 rdacontent
|
| 337 |
|
|
|a microform
|b h
|2 rdamedia
|
| 338 |
|
|
|a microfiche
|b he
|2 rdacarrier
|
| 490 |
1 |
|
|a Testimony ;
|v GAO/T-GGD-98-75
|
| 500 |
|
|
|a Cover title.
|
| 500 |
|
|
|a Shipping list number: 98-1130-M.
|
| 500 |
|
|
|a "March 18, 1998."
|
| 504 |
|
|
|a Includes bibliographical references.
|
| 533 |
|
|
|a Microfiche.
|b [Washington, D.C.] :
|c U.S. General Accounting Office,
|d [1998?]
|e 1 microfiche : negative.
|
| 530 |
|
|
|a Also available via Internet from the GPO Access web site. Address as of 12/12/2001: http://frwebgate.access.gpo.gov/cgi-bin/getdoc.cgi?dbname=gao&docid=f:gg98075t.pdf; current access is available via PURL.
|
| 500 |
|
|
|a Microform.
|
| 650 |
|
0 |
|a Small business
|x Government policy
|z United States.
|
| 650 |
|
0 |
|a Trade regulation
|z United States.
|
| 610 |
1 |
0 |
|a United States.
|b Environmental Protection Agency
|v Rules and practice.
|
| 610 |
1 |
0 |
|a United States.
|b Occupational Safety and Health Administration
|v Rules and practice.
|
| 610 |
1 |
0 |
|a United States.
|b Small Business Administration
|v Rules and practice.
|
| 710 |
1 |
|
|a United States.
|b General Accounting Office.
|
| 830 |
|
0 |
|a Testimony ;
|v GAO/T-GGD-98-75.
|
| 856 |
4 |
1 |
|u https://purl.fdlp.gov/GPO/LPS16354
|z Adobe Acrobat reader required.
|t 0
|
| 999 |
|
|
|a MARS
|
| 999 |
f |
f |
|i 765f8a86-13c9-3513-9bbe-b575d5407276
|s aff0697a-8a0b-3636-b7ad-7571dd79d568
|t 0
|
| 952 |
f |
f |
|p normal
|a Texas A&M University
|b College Station
|c Sterling C. Evans Library
|d Evans: US Documents Microfiche (3rd floor)
|t 0
|e GA 1.5/2:T-GGD-98-75
|h Superintendent of Documents classification
|i microform -- microfiche
|m A14824412284
|
| 952 |
f |
f |
|a Texas A&M University
|b College Station
|c Electronic Resources
|d Available Online
|t 0
|e GA 1.5/2:T-GGD-98-75
|h Superintendent of Documents classification
|
| 998 |
f |
f |
|a GA 1.5/2:T-GGD-98-75
|t 0
|l Available Online
|
| 998 |
f |
f |
|a GA 1.5/2:T-GGD-98-75
|t 0
|l Evans: US Documents Microfiche (3rd floor)
|